000 00253nam a2200109Ia 4500
008 200302s9999 xx 000 0 und d
100 _aP. V. Jagadisa Aiyar
245 _aSouth Indian Shrines
260 _bRupa & Co.,
260 _c2000
300 _a783 P.,
999 _c1085
_d1085